A Christian View of the Martial Arts and Yoga ? (Record no. 3889)

MARC details
000 -LEADER
fixed length control field 00557nam a22001937a 4500
003 - CONTROL NUMBER IDENTIFIER
control field GBCCL
005 - DATE AND TIME OF LATEST TRANSACTION
control field 20241126110506.0
008 - FIXED-LENGTH DATA ELEMENTS--GENERAL INFORMATION
fixed length control field 171215b xxu||||| |||| 00| 0 eng d
020 ## - INTERNATIONAL STANDARD BOOK NUMBER
International Standard Book Number 1874367434
040 ## - CATALOGING SOURCE
Transcribing agency gbc
082 ## - DEWEY DECIMAL CLASSIFICATION NUMBER
Classification number 261.57
Item number SKY
100 ## - MAIN ENTRY--PERSONAL NAME
Personal name Skyrme, Brenda
9 (RLIN) 7636
245 ## - TITLE STATEMENT
Title A Christian View of the Martial Arts and Yoga ?
Statement of responsibility, etc. Brenda Skyrme
260 ## - PUBLICATION, DISTRIBUTION, ETC.
Name of publisher, distributor, etc. New Wine Press,
Place of publication, distribution, etc. Chichester:
Date of publication, distribution, etc. 1995
300 ## - PHYSICAL DESCRIPTION
Extent 128 p.;
Dimensions 20 cm.
650 ## - SUBJECT ADDED ENTRY--TOPICAL TERM
Topical term or geographic name entry element Yoga
Form subdivision Christian viewpoint
9 (RLIN) 9563
650 ## - SUBJECT ADDED ENTRY--TOPICAL TERM
Topical term or geographic name entry element Matial arts
Form subdivision Christian viewpoint
9 (RLIN) 9564
942 ## - ADDED ENTRY ELEMENTS (KOHA)
Source of classification or shelving scheme Dewey Decimal Classification
Koha item type Books
Koha issues (borrowed), all copies 2
Holdings
Withdrawn status Lost status Source of classification or shelving scheme Damaged status Not for loan Home library Current Library Shelving location Date acquired Total checkouts Full call number Barcode Date last seen Date last checked out Copy number Price effective from Koha item type
    Dewey Decimal Classification     GRACE BIBLE COLLEGE GRACE BIBLE COLLEGE Ministry & Mission 2017-12-15 3 261.57 SKY 008359 2025-09-04 2025-09-01 c.1 2017-12-15 Books
© Grace Bible College Library 2025